Trabajo, horario y salario
El artículo analiza, de una manera sencilla, la complejidad del trabajo y del salario, desde la perspectiva de la economía política (marxista), contraponiendo, especialmente, la capacidad de trabajo del obrero y el pago que recibe por ese trabajo con la ganancia del patrón. R/mb
Salvato in:
| Natura: | testo |
|---|---|
| Soggetti: | |
| Tags: |
Aggiungi Tag
Nessun Tag, puoi essere il primo ad aggiungerne!!
|
MARC
| LEADER | 00000 a a2200000 04500 | ||
|---|---|---|---|
| 001 | 2160 | ||
| 003 | |||
| 040 | |||
| 245 | |a Trabajo, horario y salario | ||
| 520 | |a El artículo analiza, de una manera sencilla, la complejidad del trabajo y del salario, desde la perspectiva de la economía política (marxista), contraponiendo, especialmente, la capacidad de trabajo del obrero y el pago que recibe por ese trabajo con la ganancia del patrón. R/mb | ||
| 650 | |a SALARIOS | ||
| 650 | |a HORAS DE TRABAJO | ||
| 650 | |a TRABAJO | ||
| 650 | |a RELACIONES LABORALES | ||
| 773 | |g número 1; páginas 4-5 | ||
| 999 | |c 20856 |d 20856 | ||
